| 000 -ლიდერი |
| ფიქსირებული სიგრძის საკონტროლო ველი |
01500nam a22002177a 4500 |
| 003 - საკონტროლო ნომრის იდენტიფიკატორი |
| საკონტროლო ველი |
Ge_BSU |
| 005 - ბოლო ოპერაციის თარიღი და დრო |
| საკონტროლო ველი |
20210527134910.0 |
| 008 - ფიქსირებული სიგრძის მონაცემთა ელემენტები - ზოგადი ინფორმაცია |
| ფიქსირებული სიგრძის საკონტროლო ველი |
210527s2020 ge ||||| |||| 00| 0 geo d |
| 041 ## - ენის კოდი |
| Language code of text/sound track or separate title |
geo |
| 080 ## - უნივერსალური ათობითი კლასიფიკაციის ინდექსი |
| Universal Decimal Classification number |
338 შ-51 |
| 100 ## - მთავარი ჩანაწერი - პიროვნების სახელი |
| Personal name |
შერვაშიძე, სალომე |
| 9 (RLIN) |
11902 |
| 245 ## - ცნობა სათაურის შესახებ |
| Title |
გასაღების სფეროში არსებული ტენდენციები და პერსპექტივები საქართველოში / |
| Statement of responsibility, etc |
სალომე შერვაშიძე; სამეცნიერო ხელმძღვანელი გელა მამულაძე; ბათუმის შოთა რუსთაველის სახელმწიფოფო უნივერსიტეტი . |
| 264 ## - წარმოების, გამოცემის, დისტრიბუციის და სხვა ცნობები |
| გამოცემის, წარმოების, დისტრიბუციის... ადგილი |
ბათუმი, |
| გამოცემის, წარმოების, დისტრიბუციის... თარიღი |
2020. |
| 300 ## - ფიზიკური აღწერა |
| Extent |
210 გვ. |
| Other physical details |
30 სმ. |
| 504 ## - BIBLIOGRAPHY, ETC. NOTE |
| Bibliography, etc |
ბიბლიოგრ. გვ. 200-210 |
| 653 ## - INDEX TERM--UNCONTROLLED |
| Uncontrolled term |
გასაღების სფეროში არსებული ტენდენციები და პერსპექტივები საქართველოში |
| 653 ## - INDEX TERM--UNCONTROLLED |
| Uncontrolled term |
ეკონომიკა |
| 700 ## - ADDED ENTRY--PERSONAL NAME |
| Personal name |
მამულაძე, გელა |
| Relator term |
სამეცნიერო ხელმძღვანელი |
| 9 (RLIN) |
11903 |
| 710 ## - ADDED ENTRY--CORPORATE NAME |
| Corporate name or jurisdiction name as entry element |
ბათუმის შოთა რუსთაველის სახელმწიფოფო უნივერსიტეტი |
| 9 (RLIN) |
11904 |
| 942 ## - ADDED ENTRY ELEMENTS (KOHA) |
| Source of classification or shelving scheme |
|
| Koha item type |
წიგნი |